01741nam a2200397 i 450000100060000000300080000600500170001400600190003100700150005000800410006502000270010603500230013303500240015603500250018003500210020504000310022605000240025708000100028108200140029111101290030524502420043426400310067630000420070733600310074933700330078033800430081350000220085658801280087865000470100665000700105365500270112370000450115070000410119570000450123685600620128119751FlNmELB20241216213805.0m o d | cr cnu||||||||141202s2014 sp o 001 0 spa d a9788490850305 (e-book) a(MiAaPQ)EBC3223188 a(Au-PeEL)EBL3223188 a(CaPaEBR)ebr10913836 a(OCoLC)992107506 aFINmELBbspaerdacFINmELB 4aP96.G44b.S669 2014 a304.20 a305.32232 aInternational Conference Gender and Communicationn(II :d1,2 y 3 de Abril de 2014 :cFacultad de Comunicación de Sevilla)10aLibro de actas :bII International Conference Gender and Communication, Facultad de Comunicación de Sevilla 1, 2 y 3 de abril de 2014 /cJuan Carlos Suárez Villegas, Rosario Lacalle Zalduendo, José Manuel Pérez Tornero, editores. 1aMadrid :bDykinson,c2014. a1 recurso en línea (1071 páginas) atextobtxt2rdacontent/spa acomputadorabc2rdamedia/spa arecurso en líneabcr2rdacarrier/spa aIncluye índice. aDescripción basada en recurso en línea; Título de la página del título en PDF (e-libro, visto December 02, 2014). 0aGender identity in mass mediavCongresses. 4aIdentidad de género en los medios de comunicaciónvCongresos. 4aLibros electrónicos.1 aSuárez Villegas, Juan Carlos,eeditor.1 aLacalle Zalduendo, Rosario,eeditor.1 aPérez Tornero, José Manuel,eeditor.40uhttps://elibro.net/ereader/politecnicointernacional/58017